| 000 | 00521nam a2200169Ia 4500 | ||
|---|---|---|---|
| 005 | 20250508161537.0 | ||
| 008 | 008 250505s9999 xx 000 0 eng d | ||
| 037 | _aBooks to be hide in OPAC | ||
| 040 |
_aFEDL _beng _cFEDL |
||
| 041 |
_aeng _2eng |
||
| 084 |
_a428, BHA/O _qFEDL |
||
| 245 | 0 | _aStories retold (Supplementary reader for class VII) | |
| 260 |
_aDelhi, India _bThe Manager of Publications Government of India _c1966 |
||
| 300 | _a58p. | ||
| 942 |
_cHB _h428, BHA/O |
||
| 999 |
_c1370677 _d1370677 |
||